000 00917cam a22003013a 4500
001 21092
003 PGUSA
005 20140828083441.0
008 070415s2007||||xxu|||||s|||||000 1 eng d
040 _aPGUSA
_beng
042 _adc
050 4 _aPZ
100 1 _aRockwell, Carey
245 1 0 _aOn the Trail of the Space Pirates
_h[electronic resource] /
_cCarey Rockwell
260 _bProject Gutenberg,
_c2007
506 _aPublic domain in the USA.
516 _aElectronic text
653 _aScience fiction
653 _aInterplanetary voyages -- Juvenile fiction
653 _aPirates -- Juvenile fiction
653 _aAstronauts -- Juvenile fiction
653 _aCorbett, Tom (Fictitious character) -- Juvenile fiction
700 1 _aGlanzman, Louis
700 1 _aLey, Willy,
_d1906-1969
830 0 _aProject Gutenberg
_v21092
856 4 0 _uhttp://www.gutenberg.org/ebooks/21092
942 _cEB
999 _c250347
_d250347